Walking Dead: 3rd Battle of Alexandria - Statistics

General Stats
  • This quiz has been taken 166 times
  • The average score is 10 of 35
Answer Stats
Hint Answer % Correct
Saviors Negan
80%
Simon
59%
Scavengers Jadis
56%
Michonne
56%
Alexandria Rick Grimes
56%
Jerry
52%
Aaron
48%
Carl Grimes
48%
Daryl Dixon
41%
Hilltop Colony Maggie Rhee
36%
The Kingdom Carol Peletier
35%
Arat
34%
King Ezekiel
34%
Shiva
31%
Rosita Espinosa
30%
Paul Rovia
28%
Dianne
27%
Morgan Jones
25%
Tobin
23%
Tara Chambler
19%
Gabriel Stokes
17%
Kal
16%
Sasha Williams
16%
Tamiel
15%
Brion
11%
Daniel
8%
Scott
8%
Francine
7%
Alvaro
6%
Bertie
6%
Eduardo
6%
Eric Raleigh
6%
Farron
6%
Kent
2%
Roy
2%
No matching quizzes found
Score Distribution
Percent of People with Each Score
Percentile by Number Answered
Your Score History
You have not taken this quiz